01231 a2200229 45000010006000000050017000060080041000230030015000640400040000790800032001192450070001510200018002212640030002393000019002695050364002880410008006521000064006607000051007247000057007757000070008328560099009024603620260407155733.0260407a2006 arg spa dAR-UNSa-BCEJYS aAR-UNSa-BCEJYSbspacAR-UNSa-BCEJYS a331-053.2xTrabajo Infantil10aInfancia y adolescencia: trabajo y otras actividades económicas a92-2-318684-6 1aBuenos Aires :bOITc2006 a232 p.c28 cm. a1. Introducción - 2. Antecedentes de la EANNA - 3. Marco conceptual - 4. Situación del trabajo infantil en la semana de referencia - 5. Características educativas de los niños, niñas y adolescentes que trabajan - 6. Magnitud del trabajo infantil: niños, niñas y adolescentes que trabajaron alguna vez - 7. Condición socioeconómica infantil.  aspa1 aArgentina. Ministerio de Trabajo, Empleo y Seguridad Social1 aOrganización Internacional del Trabajo (OIT)1 aInstituto Nacional de Estadística y Censos (INDEC)1 aInternational Programme on the Elimination of Child Labour (IPEC)41uhttps://www.biblioeco.unsa.edu.ar/pmb/images/libros/L127270.jpgyImagen de portadaqimage/jpeg